-
HESTER, R.E AND HARRISON, R M
Entry Personal Name
Number of records used in: 1
001 - CONTROL NUMBER
003 - CONTROL NUMBER IDENTIFIER
005 - DATE AND TIME OF LATEST TRANSACTION
- control field:
20260331113942.0
008 - FIXED-LENGTH DATA ELEMENTS
- fixed length control field:
260331|| aca||aabn | a|a d
040 ## - CATALOGING SOURCE
- Original cataloging agency:
JRU
- Transcribing agency:
JRU
100 ## - HEADING--PERSONAL NAME
- Personal name:
HESTER, R.E AND HARRISON, R M
670 ## - SOURCE DATA FOUND
- Source citation:
Work cat.: (JRU)9104: HESTER, R.E AND HARRISON, R M., MINING AND ITS ENVIRONMENTAL IMPACT